Giáo trình kỹ nghệ phần mềm /

Đã lưu trong:
书目详细资料
主要作者: Nguyễn, Văn Vỵ
格式: 图书
语言:Vietnamese
出版: ĐHQG.HN 2008
标签: 添加标签
没有标签, 成为第一个标记此记录!
Thư viện lưu trữ: Mạng thư viện Đại học Đà Nẵng
LEADER 00643nam a2200265 4500
001 000027417
003 GTM
005 20150406120000.0
008 150406s vm 000 vie
020 |c 0,0000 
040 |a notts 
100 |a Nguyễn, Văn Vỵ 
245 |a Giáo trình kỹ nghệ phần mềm /  |c Nguyễn VănVỵ, Nguyễn Việt Hà. 
260 |b ĐHQG.HN  |c 2008 
OWN |a LTT 
999 |a From the UDN01 
TYP |a Monograph 
TYP |a Printed language 
980 |a Mạng thư viện Đại học Đà Nẵng